The individual welfare function of income (Registro nro. 26944)

Detalles MARC
000 -LEADER
fixed length control field 00404 a2200133 4500
001 - CONTROL NUMBER
control field ART_14606
005 - DATE AND TIME OF LATEST TRANSACTION
control field 20260410161912.0
008 - FIXED-LENGTH DATA ELEMENTS--GENERAL INFORMATION
fixed length control field 260409a
100 1# - MAIN ENTRY--PERSONAL NAME
Personal name Kapteyn, Arie
245 10 - TITLE STATEMENT
Title The individual welfare function of income
700 1# - ADDED ENTRY--PERSONAL NAME
Personal name Van Praag, Bernard
700 1# - ADDED ENTRY--PERSONAL NAME
Personal name van Herwaarden, Floor G.
773 0# - HOST ITEM ENTRY
Title European economic review
Related parts - Vol. 11, Nº 4 (dic. 1978)
Record control number REV13346

No hay ítems disponibles.